000
00268nam a2200109Ia 4500
008
190914s9999||||xx |||||||||||||| ||und||
100
_a
BPP Publishing
245
0
_a
ACCA Paper P7 Advanced Audit
260
_a
America
_b
McGraw Hill
_c
1991
300
_a
346
942
_c
BK
999
_c
8879
_d
8879